| 000 | 02601nam0a2200409 4500 | ||
|---|---|---|---|
| 001 | RU\NLR\bibl\400913 | ||
| 005 | 20260407141147.0 | ||
| 010 |
_a5-93938-030-1 _9500 |
||
| 021 |
_aRU _b2003-23088 _91077 |
||
| 035 | _a(NLR Aleph) 000395086 | ||
| 090 |
_a539901 _c539901 |
||
| 100 | _a20030521d2002 |||y0rusy50 ca | ||
| 101 | 0 |
_arus _deng _eeng |
|
| 102 | _aRU | ||
| 105 | _aa ||||||||| | ||
| 200 | 1 |
_aКомаровский берег - комплексный природный памятник _f[Е.В. Баранова, М.П. Баранов, доценты, кандидаты биол. наук, Т.В. Бибикова и др. _gРед.: Е.А. Волкова и др.] _gС.-Петерб. науч. центр Рос. Акад. наук, Ботан. ин-т им. В.Л. Комарова РАН и др. |
|
| 210 |
_aСПб. _cБ. и. _d2002 |
||
| 215 |
_a90, [1] с., XI л. цв. ил., карт. _cил. _d28 |
||
| 300 | _aАвт. указаны на обороте тит.л. | ||
| 300 | _aВ надзаг. также: Зоол. ин-т РАН, С.-Петерб. гос. ун-т, Ком. по природопользованию, охране окружающей среды и обеспечению экол. безопасности Администрации Санкт-Петербурга | ||
| 300 | _aРез. на англ. яз. | ||
| 320 | _aБиблиогр.: с. 85-86 | ||
| 607 |
_a"Комаровский берег", памятник природы (Северо-Запад Европейской части РФ) _92290589 _3RU\NLR\auth\661371846 |
||
| 686 | _aД829(2Р31-4Ле) | ||
| 686 | _aЕ088(2Р31-4Ле) | ||
| 701 | 1 |
_4070 _8rus _7ca _aБаранова _bЕ. В. _cканд. биол. наук _f1936-2016 _gЕвгения Васильевна _3RU\NLR\auth\7726068 _99112 |
|
| 701 | 1 |
_4070 _8rus _7ca _aБаранов _bМ. П. _cканд. биол. наук _gМаксим Павлович _3RU\NLR\auth\7765840 _948769 |
|
| 701 | 1 |
_4070 _8rus _7ca _aБибикова _bТ. В. _cканд. биол. наук _f1944- _gТатьяна Васильевна _3RU\NLR\auth\7765483 _948412 |
|
| 702 | 1 |
_4340 _8rus _7ca _aВолкова _bЕ. А. _cканд. биол. наук _gЕлена Анатольевна _3RU\NLR\auth\7765220 _948149 |
|
| 712 | 0 | 2 |
_4570 _aБотанический институт им. В. Л. Комарова _cСанкт-Петербург _3RU\NLR\AUTH\8810008800 _9515345 |
| 801 | 0 |
_aRU _bNLR _c20030521 _gPSBO |
|
| 801 | 1 |
_aRU _bNLR _c20030521 |
|
| 830 | _aАвт. по кн. | ||
| 942 | _cBOOK | ||
| 980 | _aNB | ||